Assessment for education leaders

Saved in:
Bibliographic Details
Main Author: Popham, James W.
Format: Book
Language:Undetermined
Published: Boston Pearson 2006
Subjects:
Tags: Add Tag
No Tags, Be the first to tag this record!
Institutions: Trung tâm Học liệu Trường Đại học Cần Thơ
LEADER 00556nam a2200205Ia 4500
001 CTU_117491
008 210402s9999 xx 000 0 und d
020 |c 38.98 
082 |a 371.2 
082 |b P827 
100 |a Popham, James W. 
245 0 |a Assessment for education leaders 
245 0 |c James W. Popham 
260 |a Boston 
260 |b Pearson 
260 |c 2006 
650 |a School administrators,Educational leadership 
650 |x Rating of,Evaluation 
904 |i Tuyến 
980 |a Trung tâm Học liệu Trường Đại học Cần Thơ